000 00453nam a22001577a 4500
999 _c4426
_d4426
003 GBCCL
005 20241126110518.0
008 180122b xxu||||| |||| 00| 0 eng d
020 _a0393094006
040 _cgbc
100 _aBronte, Emily
_98291
245 _aWuthering Heights:
_bAn Authoritative text with essays in Criticism /
_cEmily Bronte
260 _aNew York:
_bW.W. Norton & Company, Inc.,
_c1963
300 _a382 p.;
_c22 cm.
942 _2ddc
_cBK